LIBRARY & INFORMATION CENTRE, KCAET, TAVANUR

ONLINE PUBLIC ACCESS CATALOGUE (OPAC)

Objective Questions and Answers in Biochemical Engineering, Biochemistry, Biotechnology and Microbiology (Record no. 14678)

MARC details
000 -LEADER
fixed length control field 00436nam a22001457a 4500
020 ## - INTERNATIONAL STANDARD BOOK NUMBER
ISBN 8123914156
082 ## - DEWEY DECIMAL CLASSIFICATION NUMBER
Classification number 660.63
Item number SHA/BI
100 ## - MAIN ENTRY--AUTHOR NAME
Personal name Sharma H.K.
100 ## - MAIN ENTRY--AUTHOR NAME
Personal name Kukreja V.
100 ## - MAIN ENTRY--AUTHOR NAME
Personal name Pandey H.
245 ## - TITLE STATEMENT
Title Objective Questions and Answers in Biochemical Engineering, Biochemistry, Biotechnology and Microbiology
260 ## - PUBLICATION, DISTRIBUTION, ETC. (IMPRINT)
Place of publication New Delhi
Name of publisher CBS Publishers and Distributors
Year of publication 2007
300 ## - PHYSICAL DESCRIPTION
Number of Pages 508
942 ## - ADDED ENTRY ELEMENTS (KOHA)
Koha item type Books
Holdings
Withdrawn status Lost status Damaged status Collection code Home library Current library Shelving location Date acquired Source of acquisition Cost, normal purchase price Full call number Accession Number Koha item type
        KAUAET KAUAET General Stacks 26/07/2016 Arunima Book Distributors,TVPM. 250.00 660.63 SHA/BI 24572 Books
free website counter